| 000 | 01407nam a22002297a 4500 | ||
|---|---|---|---|
| 008 | 230116s2023 xxk|||||o|||| 00| 0 eng d | ||
| 020 | _a9780645419115 | ||
| 041 | _aeng | ||
| 110 | 2 | _aInternational Property Measurement Standards Coaliton | |
| 245 |
_aInternational Property Measurement Standards: All Buildings _h[Electronic resource] |
||
| 260 |
_aLondon, _bInternational Property Measurement Standards Coalition _c15 January 2023 |
||
| 300 | _a42p | ||
| 490 | _aInternational Property Measurement Standards | ||
| 520 | _aIPMS: All Buildings has been drafted by the independent Standard Setting Committee (SSC) and establishes a consistent methodology for measuring buildings around the world. Includes information about Exclusive Use Areas; Exclusive Occupation External Measurement; demising wall; internal dominant face; sheltered area; limited use areas; bay windows | ||
| 520 | _aIPMS All Buildings supersedes all previously published IPMSC standards for individual asset classes | ||
| 651 | _aInternational | ||
| 690 |
_96256 _aMeasurement |
||
| 710 | _aRoyal Institution of Chartered Surveyors | ||
| 710 | 2 | _aInternational Property Measurement Standards Coaliton | |
| 856 |
_uhttps://www.rics.org/profession-standards/rics-standards-and-guidance/sector-standards/real-estate-standards/international-property-measurement-standards _zAvailable free on RICS.org |
||
| 942 | _n0 | ||
| 999 |
_c121316 _d121316 |
||